Eurovision Trivia - By year - Statistics

General Stats
  • This quiz has been taken 523 times
  • The average score is 14 of 20
Answer Stats
Hint Answer % Correct
Year of first Eurovision song contest 1956
98%
Year ABBA won 1974
97%
Year that there were four winners 1969
91%
Year that Celine Dion won 1988
90%
Year that semi-finals were introduced 2004
89%
Year Ireland last won 1996
86%
Year contest was first broadcast in colour 1968
85%
Year that Morocco entered 1980
84%
Year of the youngest Eurovision winner 1986
79%
Year Ireland first won 1970
76%
Year that telephone voting was introduced 1997
73%
Year that live orchestras stopped 1999
65%
Year of the largest Eurovision audience 2001
62%
Year where most of the footage was lost in a fire 1964
60%
Year that Barbara Dex entered 1993
50%
Year that the Barbara Dex award began 1997
49%
Year where countries were able to vote for themselves 1956
46%
Year of the first drag act 1985
43%
Year that Switzerland entered a song in Romansh 1989
31%
Year the royal family of the host country joined the audience 1985
28%
No matching quizzes found
Score Distribution
Percent of People with Each Score
Percentile by Number Answered
Your Score History
You have not taken this quiz